| 000 | 00382nam a2200133Ia 4500 | ||
|---|---|---|---|
| 008 | 230917s9999||||xx |||||||||||||| ||und|| | ||
| 040 |
_e92936 _aMAIN |
||
| 041 | _aEnglish | ||
| 082 | _a617 T154C | ||
| 100 | _aTaneja, Munish | ||
| 245 | 0 | _aCompare inferior meatal antrostomy with endoscopic middle meatal antrostomy in chronic maxillary sinusitis | |
| 300 | _a102 p. | ||
| 942 | _cTH | ||
| 999 |
_c88817 _d88817 |
||